100 beaded flowers, trinkets & charms : perfect little design to use for gifts, jewellery and accessories

Bibliographic Details
Main Author: Brooke, Amanda
Format: Book
Published: London : Search Press Ltd , 2012
Subjects:

MARC

LEADER 00000cam a2200000 7i4500
001 0000040972
005 20140527.0
008 140527
020 |a 1844486939 
090 0 0 |a 745.582   |b BRO 
100 1 |a Brooke, Amanda 
245 1 0 |a 100 beaded flowers, trinkets & charms :   |b perfect little design to use for gifts, jewellery and accessories   |c Amanda Brooke Murr-Hinson 
260 |a London :   |b Search Press Ltd ,   |c 2012 
650 0 |a Beadwork 
999 |a 0001292779   |b Book   |c Adult Collection   |e Perbadanan Perpustakaan Awam Johor